000
00204nmm a2200085Ia 4500
008
220120s9999||||xx |||||||||||||||||und||
100
_a
EFY
245
0
_a
Sabayon 16.05, centos 6.8
260
_a
EFY enterprises
999
_c
140008
_d
140008